Optimal allocation and sizing of distributed generation sources by using particle swarm optimization. (Record no. 540634)

000 -LEADER
fixed length control field 00542nam a22001457a 4500
082 ## - DEWEY DECIMAL CLASSIFICATION NUMBER
Classification number 621.3
100 ## - MAIN ENTRY--PERSONAL NAME
Personal name Zaheer Babar, Muhammad
245 ## - TITLE STATEMENT
Title Optimal allocation and sizing of distributed generation sources by using particle swarm optimization.
Statement of responsibility, etc. Muhammad Zaheer Babar.
260 ## - PUBLICATION, DISTRIBUTION, ETC.
Place of publication, distribution, etc. Islamabad :
Name of publisher, distributor, etc. CEME - NUST,
Date of publication, distribution, etc. 2016.
300 ## - PHYSICAL DESCRIPTION
Extent 55p. : ill. ;
Dimensions 30cm.
650 ## - SUBJECT ADDED ENTRY--TOPICAL TERM
Topical term or geographic name entry element Electrical Engineering - MS Theses.
700 ## - ADDED ENTRY--PERSONAL NAME
Personal name Sup: Dr. Amer Sohail Kashif.
942 ## - ADDED ENTRY ELEMENTS (KOHA)
Source of classification or shelving scheme
Koha item type Thesis
650 ## - SUBJECT ADDED ENTRY--TOPICAL TERM
-- 26977
700 ## - ADDED ENTRY--PERSONAL NAME
-- 34769
Holdings
Withdrawn status Lost status Source of classification or shelving scheme Damaged status Not for loan Permanent Location Current Location Shelving location Date acquired Total Checkouts Full call number Barcode Date last seen Price effective from Koha item type
          Central Library (CL) Central Library (CL) Reference 10/29/2020   621.3 CL-T-699 10/29/2020 10/29/2020 Thesis
© 2023 Central Library, National University of Sciences and Technology. All Rights Reserved.